Billboard Hot 100 #1 Hits of 1988 - Statistics

General Stats
  • This quiz has been taken 15 times
  • The average score is 21 of 53
Answer Stats
Issue Date #1 Hit Artist % Correct
March 12 Never Gonna Give You Up Rick Astley
87%
March 19 Never Gonna Give You Up Rick Astley
87%
September 10 Sweet Child O' Mine Guns N' Roses
87%
September 17 Sweet Child O' Mine Guns N' Roses
87%
January 2 Faith George Michael
80%
September 24 Don't Worry, Be Happy Bobby McFerrin
73%
October 1 Don't Worry, Be Happy Bobby McFerrin
73%
November 5 Kokomo The Beach Boys
67%
October 15 Red Red Wine UB40
67%
March 26 Man In The Mirror Michael Jackson
60%
April 2 Man In The Mirror Michael Jackson
60%
December 24 Every Rose Has Its Thorn Poison
53%
December 31 Every Rose Has Its Thorn Poison
53%
July 9 The Flame Cheap Trick
53%
July 16 The Flame Cheap Trick
53%
January 23 The Way You Make Me Feel Michael Jackson
53%
July 2 Dirty Diana Michael Jackson
47%
February 27 Father Figure George Michael
47%
March 5 Father Figure George Michael
47%
October 8 Love Bites Def Leppard
40%
November 19 Bad Medicine Bon Jovi
33%
November 26 Bad Medicine Bon Jovi
33%
January 16 Got My Mind Set On You George Harrison
33%
August 27 Monkey George Michael
33%
September 3 Monkey George Michael
33%
January 30 Need You Tonight INXS
33%
July 30 Roll With It Steve Winwood
33%
August 6 Roll With It Steve Winwood
33%
August 13 Roll With It Steve Winwood
33%
August 20 Roll With It Steve Winwood
33%
January 9 So Emotional Whitney Houston
33%
June 18 Together Forever Rick Astley
33%
November 12 Wild, Wild West The Escape Club
33%
October 22 A Groovy Kind Of Love Phil Collins
27%
October 29 A Groovy Kind Of Love Phil Collins
27%
December 3 Baby, I Love Your Way/Freebird Medley Will To Power
27%
February 6 Could've Been Tiffany
27%
February 13 Could've Been Tiffany
27%
February 20 Seasons Change Exposé
27%
April 23 Where Do Broken Hearts Go Whitney Houston
27%
April 30 Where Do Broken Hearts Go Whitney Houston
27%
May 7 Wishing Well Terence Trent D'Arby
27%
December 10 Look Away Chicago
20%
December 17 Look Away Chicago
20%
May 28 One More Try George Michael
20%
June 4 One More Try George Michael
20%
June 11 One More Try George Michael
20%
May 14 Anything For You Gloria Estefan & Miami Sound Machine
13%
May 21 Anything For You Gloria Estefan & Miami Sound Machine
13%
April 9 Get Outta My Dreams, Get Into My Car Billy Ocean
13%
April 16 Get Outta My Dreams, Get Into My Car Billy Ocean
13%
June 25 Foolish Beat Debbie Gibson
7%
July 23 Hold On To The Nights Richard Marx
7%
No matching quizzes found
Score Distribution
Percent of People with Each Score
Percentile by Number Answered
Your Score History
You have not taken this quiz